[Event "12th Asia-ch (women)"]
[Site "Tehran IRI"]
[Date "2007.09.08"]
[Round "6"]
[White "Pourkashiyan, Atousa"]
[Black "Huang Qian"]
[Result "1/2-1/2"]
[WhiteElo "2322"]
[BlackElo "2410"]
[EventDate "2007.09.03"]
[PlyCount "82"]

1.e4 c5 2.Nf3 d6 3.d4 cxd4 4.Nxd4 Nf6 5.Nc3 a6 6.Bc4 e6 7.Bb3 Be7 8.O-O b5
9.Qf3 Qc7 10.Qg3 Nc6 11.Nxc6 Qxc6 12.Re1 Bb7 13.a3 O-O 14.Bh6 Ne8 15.Rad1 
Kh8 16.Bg5 Bxg5 17.Qxg5 Nf6 18.Rd3 h6 19.Rh3 Nh7 20.Qf4 Rad8 21.Rd1 Rd7 
22.Kh1 Rfd8 23.Rhd3 Nf6 24.f3 Qc5 25.Ne2 a5 26.a4 Ba6 27.R3d2 bxa4 28.Ba2 
Bxe2 29.Rxe2 Rb8 30.c4 Rdb7 31.Qc1 Qe5 32.Rdd2 Nd7 33.g3 Qh5 34.Rg2 Ne5 
35.Rgf2 Rb6 36.Qd1 Qg6 37.Qxa4 Qf6 38.Qxa5 Rxb2 39.Rxb2 Rxb2 40.Rxb2 Qxf3+
41.Kg1 Qd1+ 1/2-1/2

[Event "12th Asia-ch (women)"]
[Site "Tehran IRI"]
[Date "2007.09.08"]
[Round "6"]
[White "Nguyen Thi Thanh An"]
[Black "Tania, Sachdev"]
[Result "1/2-1/2"]
[WhiteElo "2296"]
[BlackElo "2393"]
[EventDate "2007.09.03"]
[PlyCount "83"]

1.Nf3 Nf6 2.g3 b6 3.Bg2 Bb7 4.O-O e6 5.d3 d5 6.Nbd2 Be7 7.e4 dxe4 8.Ng5 
O-O 9.Ndxe4 Nxe4 10.Nxe4 Qc8 11.Bd2 c5 12.Qh5 Nc6 13.Rae1 Qd7 14.f4 Nd4 
15.Qd1 Rad8 16.Rf2 Bd5 17.b3 Qb7 18.Bc3 f5 19.Bxd4 fxe4 20.Bc3 exd3 21.
Rxe6 dxc2 22.Qxc2 Bxg2 23.Rxg2 Rd7 24.Ree2 Rfd8 25.Qe4 Qxe4 26.Rxe4 Bf8 
27.f5 Kf7 28.Rf2 Rd3 29.Be5 Rd2 30.g4 Be7 31.Bf4 Rxf2 32.Kxf2 Rd7 33.Be5 
Bg5 34.Bc3 Rd5 35.Ra4 Rd7 36.Re4 Rd5 37.h3 h5 38.Re6 hxg4 39.hxg4 Bf6 40.
Bxf6 gxf6 41.Rc6 Rd7 42.Ke2 1/2-1/2

[Event "12th Asia-ch (women)"]
[Site "Tehran IRI"]
[Date "2007.09.08"]
[Round "6"]
[White "Le Thanh Tu"]
[Black "Ju Wenjun"]
[Result "1/2-1/2"]
[WhiteElo "2318"]
[BlackElo "2345"]
[EventDate "2007.09.03"]
[PlyCount "87"]

1.d4 Nf6 2.c4 g6 3.Nc3 Bg7 4.e4 d6 5.Be2 O-O 6.Bg5 Na6 7.h4 h6 8.Be3 e5 9.
d5 Nc5 10.Qc2 Bd7 11.h5 g5 12.f3 Qe8 13.g4 a6 14.a4 a5 15.Nh3 c6 16.Nf2 
Na6 17.Nd3 Bc8 18.Kf2 Nd7 19.Rhb1 Bf6 20.Na2 Bd8 21.b4 axb4 22.Naxb4 Nxb4 
23.Nxb4 Nf6 24.Qd1 Bc7 25.c5 Qd7 26.cxd6 Bxd6 27.dxc6 bxc6 28.Qc1 Kh7 29.
Qxc6 Qxc6 30.Nxc6 Ba6 31.Rd1 Bc7 32.Bb5 Ne8 33.Nb4 Bxb5 34.axb5 Rb8 35.Rd5
Nf6 36.Rc5 Bd6 37.Rc6 Rfd8 38.Rd1 Ne8 39.Nd5 Rxb5 40.Nb6 Bc7 41.Rxd8 Bxd8 
42.Rc8 Bxb6 43.Bxb6 Rxb6 44.Rxe8 1/2-1/2

[Event "12th Asia-ch (women)"]
[Site "Tehran IRI"]
[Date "2007.09.08"]
[Round "6"]
[White "Wang Yu A."]
[Black "Gu Xiaobing"]
[Result "0-1"]
[WhiteElo "2384"]
[BlackElo "2351"]
[EventDate "2007.09.03"]
[PlyCount "114"]

1.e4 c5 2.Nf3 d6 3.d4 cxd4 4.Nxd4 Nf6 5.Nc3 g6 6.Be2 Bg7 7.O-O Nc6 8.Nb3 
O-O 9.Bg5 Be6 10.f4 b5 11.f5 Bxb3 12.cxb3 b4 13.Bxf6 Bxf6 14.Na4 Qa5 15.
Rc1 Nd4 16.Bc4 gxf5 17.Qh5 Kh8 18.Rce1 Rg8 19.Qxf7 Raf8 20.Qh5 Rg5 21.Qd1 
Qd8 22.Qd2 Qe8 23.Kh1 Qg6 24.Bd3 Be5 25.exf5 Qh5 26.h3 Rfg8 27.Be4 Rg3 28.
Re3 Rxe3 29.Qxe3 Ne2 30.Bf3 Ng3+ 31.Kg1 Qh4 32.Rd1 Nxf5 33.Qe4 Qxh3 34.Kf2
Qg3+ 35.Ke2 Qg5 36.Kd3 Ng3 37.Qd5 Qf5+ 38.Kc4 Qf4+ 39.Kb5 Rb8+ 40.Ka6 Qe3 
41.Rd3 Qc1 42.Qc6 Bxb2 43.Kxa7 Rd8 44.Qxc1 Bxc1 45.Kb7 e5 46.Kc7 Rf8 47.
Bd5 Bf4 48.Rd1 e4 49.Nb2 e3 50.Nd3 e2 51.Rb1 Bd2 52.Bf3 Re8 53.Ne1 Nf5 54.
Kd7 Re7+ 55.Kc6 Re3 56.Bd5 Bxe1 57.Rxe1 Nd4+ 0-1

[Event "12th Asia-ch (women)"]
[Site "Tehran IRI"]
[Date "2007.09.08"]
[Round "6"]
[White "Swathi, Ghate"]
[Black "Paridar, Shadi"]
[Result "1/2-1/2"]
[WhiteElo "2317"]
[BlackElo "2225"]
[EventDate "2007.09.03"]
[PlyCount "82"]

1.e4 c6 2.d4 d5 3.Nd2 dxe4 4.Nxe4 Bf5 5.Ng3 Bg6 6.h4 h6 7.Nf3 Nd7 8.h5 Bh7
9.Bd3 Bxd3 10.Qxd3 e6 11.Bf4 Qa5+ 12.Bd2 Bb4 13.Ne4 Bxd2+ 14.Nfxd2 Ngf6 
15.Nd6+ Ke7 16.Nxb7 Qb4 17.Qb3 Qxd4 18.O-O-O Rhb8 19.Qa3+ c5 20.Na5 Rc8 
21.f3 Nd5 22.Rhe1 Qb4 23.Ndc4 Qxa3 24.Nxa3 N7b6 25.c4 Nb4 26.Kb1 Rab8 27.
Nb3 a6 28.Rd2 Rc7 29.Red1 Rbc8 30.Na5 Rd7 31.Nc2 Nc6 32.Rxd7+ Nxd7 33.Nb3 
Nce5 34.Ne3 Nf6 35.Rh1 Kd6 36.Kc2 Kc6 37.a3 Kb6 38.Nc1 a5 39.b3 Rd8 40.Kc3
Nc6 41.Nd3 Nd7 1/2-1/2

[Event "12th Asia-ch (women)"]
[Site "Tehran IRI"]
[Date "2007.09.08"]
[Round "6"]
[White "Le Kieu Thien Kim"]
[Black "Amrutha Mokal, Sunil"]
[Result "1-0"]
[WhiteElo "2293"]
[BlackElo "2166"]
[EventDate "2007.09.03"]
[PlyCount "93"]

1.d4 Nf6 2.Nf3 e6 3.e3 c5 4.Bd3 b6 5.Nbd2 Bb7 6.b3 Be7 7.Bb2 O-O 8.O-O d6 
9.Qe2 Nbd7 10.Rfd1 Qc7 11.c4 Rac8 12.Rac1 Qb8 13.Bb1 Rfe8 14.e4 cxd4 15.
Bxd4 Qa8 16.Re1 g6 17.Nf1 a6 18.Ng3 Bc6 19.h4 h5 20.Rcd1 b5 21.cxb5 axb5 
22.Ng5 e5 23.Ba1 b4 24.Bd3 d5 25.exd5 Bxd5 26.N5e4 Ng4 27.Bb5 Qb7 28.Rxd5 
Qxd5 29.Rd1 Qb7 30.Bxd7 Red8 31.Bxc8 Qxc8 32.Rxd8+ Qxd8 33.Bb2 Qd5 34.f3 
Nh6 35.Nf2 Nf5 36.Qc4 Qxc4 37.bxc4 Ne3 38.c5 Bxc5 39.Nge4 Ba7 40.Bxe5 f5 
41.Ng5 Nd1 42.Nh3 Nc3 43.a3 Nd5 44.axb4 Nxb4 45.Kf1 Nd5 46.Nf4 Nxf4 47.
Bxf4 1-0

[Event "12th Asia-ch (women)"]
[Site "Tehran IRI"]
[Date "2007.09.08"]
[Round "6"]
[White "Hakimifard, Ghazal"]
[Black "Zhang Jilin"]
[Result "1/2-1/2"]
[WhiteElo "2018"]
[BlackElo "2338"]
[EventDate "2007.09.03"]
[PlyCount "126"]

1.e4 c5 2.Nf3 e6 3.d4 cxd4 4.Nxd4 a6 5.Bd3 Nf6 6.c4 d6 7.Nc3 b6 8.O-O Bb7 
9.Be3 Be7 10.b4 O-O 11.a3 Nbd7 12.f3 Rc8 13.Qe2 Re8 14.Rac1 Qc7 15.Rfd1 
Qb8 16.Qd2 Bd8 17.Nde2 h6 18.Nf4 Ne5 19.Na4 d5 20.cxd5 Rxc1 21.Rxc1 exd5 
22.exd5 g5 23.Ne2 Nxd3 24.Qxd3 Nxd5 25.Bf2 Bc7 26.h4 Qd8 27.hxg5 Qxg5 28.
Rc4 Bc8 29.Re4 Rxe4 30.Qxe4 Bd7 31.Nac3 Nxc3 32.Nxc3 Qc1+ 33.Qe1 Qf4 34.
Qe3 Qh2+ 35.Kf1 Be6 36.Ne2 b5 37.Qa7 Qd6 38.Qa8+ Kh7 39.Bd4 Bd8 40.Qe4+ f5
41.Qb7+ Bc7 42.Qa8 Bd8 43.Qa7+ Bc7 44.Qa8 Bd8 45.Qa7+ Qd7 46.Qxa6 Bc4 47.
Qa7 Qxa7 48.Bxa7 Bf6 49.Ke1 Bb2 50.Bd4 Bxe2 51.Bxb2 Bc4 52.Kf2 Kg6 53.Ke3 
Bb3 54.Kd4 h5 55.Bc1 Bc2 56.Bf4 Bb3 57.Kc5 Ba4 58.Be5 Kf7 59.Kd6 Kg6 60.
Ke7 Bb3 61.Kd6 Bc2 62.Kc5 Ba4 63.Bf4 Kf7 1/2-1/2

[Event "12th Asia-ch (women)"]
[Site "Tehran IRI"]
[Date "2007.09.08"]
[Round "6"]
[White "Bayat, Shohreh"]
[Black "Hoang Thi Bao Tram"]
[Result "1/2-1/2"]
[WhiteElo "2066"]
[BlackElo "2306"]
[EventDate "2007.09.03"]
[PlyCount "85"]

1.e4 c6 2.d4 d5 3.exd5 cxd5 4.Bd3 Nc6 5.c3 Qc7 6.h3 Nf6 7.Ne2 e6 8.Bf4 Bd6
9.Bxd6 Qxd6 10.Nd2 O-O 11.O-O e5 12.dxe5 Nxe5 13.Bc2 b5 14.Nd4 Rb8 15.N2f3
Ng6 16.Nf5 Bxf5 17.Bxf5 Qc7 18.Bxg6 hxg6 19.Qd4 a5 20.a3 Rfe8 21.Rfe1 Re4 
22.Rxe4 dxe4 23.Qe5 Qb6 24.Nd4 b4 25.axb4 axb4 26.Qf4 bxc3 27.bxc3 Rc8 28.
Qd2 Qc5 29.Rc1 Nd5 30.Ne2 Qc4 31.Qb2 e3 32.fxe3 Nxe3 33.Qd2 Nf5 34.Rf1 
Qc5+ 35.Kh2 Qe5+ 36.Kg1 Qc5+ 37.Kh2 Qe5+ 38.Kg1 Rc4 39.Rf4 Rc6 40.Rxf5 
gxf5 41.Qd8+ Kh7 42.Qh4+ Kg8 43.Qd8+ 1/2-1/2

[Event "12th Asia-ch (women)"]
[Site "Tehran IRI"]
[Date "2007.09.08"]
[Round "6"]
[White "Tan Zhongyi"]
[Black "Wang Xiaohui"]
[Result "1-0"]
[WhiteElo "2276"]
[BlackElo "2190"]
[EventDate "2007.09.03"]
[PlyCount "51"]

1.d4 Nf6 2.c4 e6 3.Nc3 Bb4 4.Bg5 c5 5.d5 h6 6.Bh4 exd5 7.cxd5 d6 8.e3 O-O 
9.Nf3 Bg4 10.Be2 Nbd7 11.O-O a6 12.a3 Ba5 13.h3 Bxf3 14.Bxf3 b5 15.Ne4 g5 
16.Bg3 Nxe4 17.Bxe4 f5 18.Bc2 Qe7 19.f4 Qxe3+ 20.Kh2 Rf6 21.Qh5 gxf4 22.
Bxf4 Qe8 23.Qh4 Qf8 24.Bxf5 Ne5 25.Be6+ Kh7 26.Bxe5 1-0

[Event "12th Asia-ch (women)"]
[Site "Tehran IRI"]
[Date "2007.09.08"]
[Round "6"]
[White "Tajik, Sareh"]
[Black "Hoang Thi Nhu Y"]
[Result "0-1"]
[WhiteElo "2000"]
[BlackElo "2018"]
[EventDate "2007.09.03"]
[PlyCount "78"]

1.e4 c6 2.d4 d5 3.Nd2 dxe4 4.Nxe4 Nd7 5.Nf3 Ndf6 6.Nxf6+ Nxf6 7.Ne5 e6 8.
c3 Qc7 9.Bf4 Bd6 10.Bd3 b6 11.Qe2 Nd7 12.O-O Bxe5 13.dxe5 Bb7 14.Qg4 O-O-O
15.Bc4 b5 16.Bb3 c5 17.Qe2 c4 18.Bc2 g5 19.Bg3 h5 20.f3 h4 21.Bf2 h3 22.a4
hxg2 23.Rfe1 f6 24.axb5 Nxe5 25.Bg3 Qb6+ 26.Bf2 Nxf3+ 27.Qxf3 Bxf3 28.Bxb6
axb6 29.Be4 Bxe4 30.Rxe4 Rhe8 31.Rxc4+ Kb7 32.Rca4 Kc7 33.Ra7+ Kd6 34.b4 
Ke5 35.Kxg2 Rd2+ 36.Kg1 f5 37.R7a6 Rh8 38.Rxb6 Rdxh2 39.Re1+ Kf4 0-1

[Event "12th Asia-ch (women)"]
[Site "Tehran IRI"]
[Date "2007.09.08"]
[Round "6"]
[White "Salman, Mahini Mona"]
[Black "Mouradian, Knarik"]
[Result "0-1"]
[WhiteElo "2106"]
[BlackElo "2164"]
[EventDate "2007.09.03"]
[PlyCount "90"]

1.e4 c5 2.Nf3 d6 3.d4 Nf6 4.Nc3 cxd4 5.Nxd4 a6 6.Bc4 e6 7.Bb3 Nbd7 8.Bg5 
Nc5 9.O-O Be7 10.Qe1 O-O 11.Rd1 Qc7 12.f4 h6 13.Bh4 Nxb3 14.Nxb3 Re8 15.e5
dxe5 16.fxe5 Nd7 17.Bg3 b5 18.Qf2 Rf8 19.Ne4 Nxe5 20.Kh1 Bb7 21.Nbc5 Bxe4 
22.Nxe4 Rac8 23.c3 f6 24.Bxe5 Qxe5 25.Rd7 Rc7 26.Qd2 Rxd7 27.Qxd7 Ba3 28.
bxa3 Qxe4 29.Qd6 Rc8 30.Qxa6 Rxc3 31.Qxb5 Rc2 32.Rg1 Rxa2 33.Qb3 Qd5 34.
Qh3 Qd6 35.Qg4 Rxa3 36.Rd1 Re3 37.h3 Qe5 38.Qb4 Kh7 39.Qb1+ f5 40.Qb4 Re2 
41.Qh4 Qe3 42.Rg1 e5 43.Qb4 Qg5 44.Qb5 Qe3 45.Qd7 Qf2 0-1

[Event "12th Asia-ch (women)"]
[Site "Tehran IRI"]
[Date "2007.09.09"]
[Round "7"]
[White "Ruan Lufei"]
[Black "Nguyen Thi Thanh An"]
[Result "1/2-1/2"]
[WhiteElo "2433"]
[BlackElo "2296"]
[EventDate "2007.09.03"]
[PlyCount "20"]

1.e4 c5 2.Nf3 d6 3.d4 cxd4 4.Nxd4 Nf6 5.Nc3 Nc6 6.Bg5 Bd7 7.Qd2 Rc8 8.f4 
h6 9.Bh4 Nxd4 10.Qxd4 g5 1/2-1/2

[Event "12th Asia-ch (women)"]
[Site "Tehran IRI"]
[Date "2007.09.09"]
[Round "7"]
[White "Tania, Sachdev"]
[Black "Pourkashiyan, Atousa"]
[Result "1-0"]
[WhiteElo "2393"]
[BlackElo "2322"]
[EventDate "2007.09.03"]
[PlyCount "101"]

1.d4 d5 2.c4 dxc4 3.Nf3 a6 4.e3 Bg4 5.Bxc4 e6 6.O-O Nc6 7.Nc3 Nf6 8.Be2 
Bd6 9.Qc2 O-O 10.Rd1 Qe8 11.a3 e5 12.d5 Ne7 13.h3 Bh5 14.e4 Bxf3 15.Bxf3 
Ng6 16.Be3 Qe7 17.b3 Rac8 18.Qe2 h6 19.Rac1 c6 20.Rc2 cxd5 21.Nxd5 Nxd5 
22.Rxd5 Rxc2 23.Qxc2 Qf6 24.Qd1 Bc7 25.Rd7 Rd8 26.Bg4 Nf8 27.Rxd8 Bxd8 28.
Qd5 b5 29.Bc8 Be7 30.b4 Ne6 31.Qc6 Qg6 32.Bxa6 Bg5 33.Bxg5 hxg5 34.Bc8 Kh7
35.Qd5 Nd4 36.Qxd4 exd4 37.Bf5 Kh6 38.Bxg6 Kxg6 39.Kf1 Kf6 40.Ke2 Ke5 41.
Kd3 g6 42.g4 f6 43.f3 Kf4 44.Kxd4 Kxf3 45.a4 bxa4 46.b5 a3 47.Kc3 Kxe4 48.
b6 a2 49.Kb2 f5 50.gxf5 gxf5 51.b7 1-0

[Event "12th Asia-ch (women)"]
[Site "Tehran IRI"]
[Date "2007.09.09"]
[Round "7"]
[White "Ramaswamy, Aarthie"]
[Black "Karavade, Eesha"]
[Result "1/2-1/2"]
[WhiteElo "2281"]
[BlackElo "2367"]
[EventDate "2007.09.03"]
[PlyCount "65"]

1.e4 e5 2.Nf3 Nc6 3.Bb5 a6 4.Bxc6 dxc6 5.O-O Qf6 6.d4 exd4 7.Qxd4 Bg4 8.
Nc3 Bxf3 9.Qxf6 Nxf6 10.gxf3 Bb4 11.Ne2 h6 12.Be3 O-O-O 13.Rad1 Nd7 14.Ng3
Ne5 15.Kg2 Nc4 16.Bc1 Bd2 17.Bxd2 Nxd2 18.Rfe1 Nc4 19.b3 Na3 20.Rc1 Rd2 
21.Re2 Rxe2 22.Nxe2 Rd8 23.Ng3 g6 24.Nf1 Nb5 25.Ne3 Nc3 26.a3 c5 27.Kf1 
Kd7 28.Nd5 Nxd5 29.exd5 Re8 30.c4 Kd6 31.a4 Re5 32.Rc3 a5 33.Re3 1/2-1/2

[Event "12th Asia-ch (women)"]
[Site "Tehran IRI"]
[Date "2007.09.09"]
[Round "7"]
[White "Mohota, Nisha"]
[Black "Le Kieu Thien Kim"]
[Result "1-0"]
[WhiteElo "2332"]
[BlackElo "2293"]
[EventDate "2007.09.03"]
[PlyCount "83"]

1.d4 Nf6 2.c4 e6 3.Nc3 d5 4.cxd5 exd5 5.Bg5 Be7 6.e3 c6 7.Bd3 Nbd7 8.Qc2 
O-O 9.Nf3 Re8 10.O-O h6 11.Bf4 Nf8 12.h3 Be6 13.Rab1 a5 14.a3 Bd6 15.Ne5 
Qe7 16.Bh2 N6d7 17.f4 f6 18.Nxd7 Qxd7 19.Rbe1 Bf7 20.Kh1 Re7 21.g4 Rae8 
22.Rf3 Ne6 23.Ref1 b5 24.Rc1 Nf8 25.Nd1 Qd8 26.f5 Bxh2 27.Qxh2 Qb6 28.Qd6 
Rc7 29.Bxb5 Rec8 30.Bf1 Nh7 31.Rf2 Ng5 32.Bg2 Qb3 33.Qc5 a4 34.Qc2 c5 35.
Qxb3 axb3 36.dxc5 Rxc5 37.Rxc5 Rxc5 38.Nc3 h5 39.Rd2 hxg4 40.hxg4 Rc4 41.
Rd4 Rxd4 42.exd4 1-0

[Event "12th Asia-ch (women)"]
[Site "Tehran IRI"]
[Date "2007.09.09"]
[Round "7"]
[White "Paridar, Shadi"]
[Black "Zhang Xiaowen"]
[Result "0-1"]
[WhiteElo "2225"]
[BlackElo "2203"]
[EventDate "2007.09.03"]
[PlyCount "62"]

1.e4 e6 2.d4 d5 3.Nd2 Nf6 4.e5 Nfd7 5.f4 c5 6.c3 Nc6 7.Ne2 Qb6 8.Nf3 Be7 
9.a3 f6 10.b4 cxd4 11.cxd4 O-O 12.h4 a5 13.b5 Qxb5 14.Nc3 Qb6 15.Rb1 Qd8 
16.Nb5 Na7 17.Qc2 Nxb5 18.Bxb5 f5 19.Ng5 Nb6 20.Qe2 Qc7 21.Rh3 Nc4 22.Nxh7
Kxh7 23.Qh5+ Kg8 24.Be8 Rxe8 25.Qxe8+ Bf8 26.Qh5 a4 27.Kf2 Nxe5 28.fxe5 
Qc2+ 29.Kg3 Qxb1 30.Bg5 Bd7 31.Qg6 f4+ 0-1

[Event "12th Asia-ch (women)"]
[Site "Tehran IRI"]
[Date "2007.09.09"]
[Round "7"]
[White "Batkhuyag, Munguntuul"]
[Black "Wang Yu A."]
[Result "1/2-1/2"]
[WhiteElo "2405"]
[BlackElo "2384"]
[EventDate "2007.09.03"]
[PlyCount "73"]

1.e4 e5 2.Nf3 Nc6 3.Bb5 a6 4.Ba4 Nf6 5.O-O Be7 6.Re1 b5 7.Bb3 d6 8.c3 O-O 
9.h3 Na5 10.Bc2 c5 11.d4 Qc7 12.Nbd2 cxd4 13.cxd4 Nc6 14.Nb3 a5 15.Be3 a4 
16.Nbd2 Bd7 17.Rc1 Qb7 18.Qe2 Rfe8 19.Bd3 Rab8 20.dxe5 Nxe5 21.Nxe5 dxe5 
22.Nf3 Bf8 23.Bc5 Nh5 24.Bxf8 Kxf8 25.Rc5 Nf4 26.Qd2 f6 27.Rec1 Qb6 28.Bf1
Red8 29.Rc7 Be8 30.Qb4+ Qd6 31.Qa5 Qb6 32.Qb4+ Qd6 33.Qa5 Qb6 34.Qb4+ Qd6 
35.Qa5 Qb6 36.Qb4+ Qd6 37.Qa5 1/2-1/2

[Event "12th Asia-ch (women)"]
[Site "Tehran IRI"]
[Date "2007.09.09"]
[Round "7"]
[White "Ghaderpour, Shayesteh"]
[Black "Tan Zhongyi"]
[Result "0-1"]
[WhiteElo "2190"]
[BlackElo "2276"]
[EventDate "2007.09.03"]
[PlyCount "94"]

1.e4 c5 2.c3 d5 3.exd5 Qxd5 4.d4 Nf6 5.Be3 cxd4 6.cxd4 Bg4 7.f3 Bd7 8.Nc3 
Qa5 9.Bc4 e6 10.Ne2 Na6 11.O-O Rc8 12.Bb3 Nb4 13.Qd2 b6 14.a3 Nbd5 15.Nxd5
Nxd5 16.Qxa5 bxa5 17.Bxd5 exd5 18.Rac1 Bc6 19.Bd2 a4 20.Nf4 Kd7 21.Nh5 Rb8
22.Rc2 Bb5 23.Bf4 Rb7 24.Re1 Bc4 25.g4 Rg8 26.Be3 Rb6 27.Ng3 Rb3 28.Kg2 f6
29.Bf4 Rd3 30.Rd2 Rxd2+ 31.Bxd2 g6 32.Nh1 Bd6 33.Nf2 Rb8 34.Bc1 Rb3 35.h4 
Bc7 36.g5 f5 37.Re3 Rb8 38.Nd3 Bxd3 39.Rxd3 Ba5 40.Kg3 Be1+ 41.Kf4 Re8 42.
h5 Re2 43.hxg6 hxg6 44.b3 Kd6 45.bxa4 Rh2 46.Ke3 f4+ 47.Kxf4 Bf2 0-1

[Event "12th Asia-ch (women)"]
[Site "Tehran IRI"]
[Date "2007.09.09"]
[Round "7"]
[White "Zhang Jilin"]
[Black "Swathi, Ghate"]
[Result "1-0"]
[WhiteElo "2338"]
[BlackElo "2317"]
[EventDate "2007.09.03"]
[PlyCount "75"]

1.e4 e5 2.Nf3 Nc6 3.d4 exd4 4.Nxd4 Bc5 5.Be3 Qf6 6.c3 Qg6 7.Qf3 Nge7 8.Nd2
O-O 9.Nxc6 Qxc6 10.Be2 Bxe3 11.Qxe3 d5 12.O-O Be6 13.Bf3 Qb6 14.Qg5 f6 15.
Qg3 Rad8 16.Nb3 c5 17.exd5 Nxd5 18.Rfe1 a5 19.Nxc5 Bf7 20.Nb3 Rfe8 21.Qh4 
Rxe1+ 22.Rxe1 Qc7 23.Nd4 Nxc3 24.bxc3 Qxc3 25.Rd1 Bxa2 26.Qe4 Qc5 27.h4 b6
28.Nf5 Rxd1+ 29.Bxd1 g6 30.Qe8+ Qf8 31.Qa4 Bd5 32.Ne3 Bf7 33.Bb3 Qd8 34.
Qb5 Bxb3 35.Qxb3+ Kg7 36.g3 Qd4 37.Qe6 Qd8 38.Qc6 1-0

[Event "12th Asia-ch (women)"]
[Site "Tehran IRI"]
[Date "2007.09.09"]
[Round "7"]
[White "Hoang Thi Bao Tram"]
[Black "Navabi, Shirin"]
[Result "1/2-1/2"]
[WhiteElo "2306"]
[BlackElo "2121"]
[EventDate "2007.09.03"]
[PlyCount "114"]

1.d4 Nf6 2.Nf3 b6 3.Bg5 Ne4 4.Bh4 Bb7 5.e3 g6 6.Be2 Bg7 7.O-O d6 8.Nbd2 
Nd7 9.c3 O-O 10.a4 a5 11.Nc4 h6 12.Nfd2 Nxd2 13.Qxd2 g5 14.Bg3 f5 15.f3 e5
16.dxe5 Nxe5 17.Nxe5 dxe5 18.Rfd1 Bc6 19.Bc4+ Kh8 20.Bd5 Bxd5 21.Qxd5 Qe7 
22.e4 Rad8 23.Qc4 f4 24.Bf2 Rd6 25.b4 Ra8 26.Rd5 Rxd5 27.Qxd5 Qe8 28.Qb3 
b5 29.axb5 axb4 30.Ra6 bxc3 31.Rxa8 Qxa8 32.Qxc3 Qa4 33.Qd3 Qa1+ 34.Qf1 
Qc3 35.h4 Qb3 36.hxg5 hxg5 37.Qc1 Qxb5 38.Qxc7 Qe8 39.Bc5 Bf6 40.Bd6 Kg8 
41.Kf2 Qe6 42.Qb8+ Kh7 43.Qf8 Kg6 44.Kg1 Kh7 45.Bb4 Kg6 46.Ba3 g4 47.fxg4 
Qxg4 48.Qe8+ Kh7 49.Qf7+ Qg7 50.Qh5+ Qh6 51.Qe8 Qg6 52.Qd7+ Qg7 53.Qe6 Qg6
54.Bd6 Qxe4 55.Qxf6 Qe1+ 56.Kh2 Qg3+ 57.Kh1 Qe1+ 1/2-1/2

[Event "12th Asia-ch (women)"]
[Site "Tehran IRI"]
[Date "2007.09.09"]
[Round "7"]
[White "Amrutha Mokal, Sunil"]
[Black "Hakimifard, Ghazal"]
[Result "0-1"]
[WhiteElo "2166"]
[BlackElo "2018"]
[EventDate "2007.09.03"]
[PlyCount "82"]

1.e4 e5 2.Nf3 Nc6 3.d4 exd4 4.Nxd4 Nf6 5.Nxc6 bxc6 6.e5 Qe7 7.Qe2 Nd5 8.c4
Nb6 9.b3 Qe6 10.Qe3 g6 11.Bb2 Bg7 12.Bd3 d6 13.f4 dxe5 14.O-O Nd7 15.f5 
Qd6 16.Ba3 c5 17.Nc3 Bb7 18.Be4 Bxe4 19.Nxe4 Qd4 20.Bxc5 Nxc5 21.Qxd4 exd4
22.Nxc5 O-O-O 23.Rad1 g5 24.Rfe1 Rhe8 25.Kf2 Rxe1 26.Kxe1 Re8+ 27.Kd2 Re5 
28.b4 Rxf5 29.Re1 Be5 30.Kd3 f6 31.Re2 Rf1 32.h3 c6 33.Nb3 Rf4 34.Re4 Rf2 
35.Re2 Rf1 36.Ke4 Rf4+ 37.Kd3 Kc7 38.Rd2 h5 39.Ke2 Re4+ 40.Kf3 Re3+ 41.Kf2
Bg3+ 0-1

[Event "12th Asia-ch (women)"]
[Site "Tehran IRI"]
[Date "2007.09.09"]
[Round "7"]
[White "Hoang Thi Nhu Y"]
[Black "Bayat, Shohreh"]
[Result "1-0"]
[WhiteElo "2018"]
[BlackElo "2066"]
[EventDate "2007.09.03"]
[PlyCount "111"]

1.d4 e6 2.Nf3 d5 3.e3 Nf6 4.Bd3 c5 5.c3 Nc6 6.O-O Bd6 7.Nbd2 O-O 8.e4 cxd4
9.cxd4 dxe4 10.Nxe4 Be7 11.Nxf6+ Bxf6 12.Be3 Nb4 13.Be4 Qd6 14.Ng5 g6 15.
Bf3 Bg7 16.Ne4 Qe7 17.d5 Na6 18.d6 Qd8 19.Nc5 Nxc5 20.Bxc5 Qd7 21.Ba3 Rd8 
22.Qb3 Bh6 23.Rfd1 Rb8 24.Qc4 b5 25.Qh4 Kg7 26.Bc5 f6 27.a4 a6 28.axb5 
Qxb5 29.b4 Qd7 30.Ra3 Bb7 31.Bxb7 Qxb7 32.Qc4 Qb5 33.Qxe6 Rb7 34.Ra5 Qc6 
35.Qc4 Rb5 36.Ra2 Rd7 37.Qd5 Qxd5 38.Rxd5 Kf7 39.Rxa6 Ke6 40.Rd1 Bf8 41.
Ra8 Kf7 42.Kf1 f5 43.Ke2 Rdb7 44.f4 h6 45.h4 Kg7 46.Rd4 Kf7 47.Kd3 Bg7 48.
Rd5 Bf6 49.g3 Bd8 50.Kc4 Kf6 51.Rd3 g5 52.hxg5+ hxg5 53.Kd5 gxf4 54.gxf4 
Kg6 55.Kc6 Kf7 56.Rxd8 1-0

[Event "12th Asia-ch (women)"]
[Site "Tehran IRI"]
[Date "2007.09.09"]
[Round "7"]
[White "Mouradian, Knarik"]
[Black "Pham Bich Ngoc"]
[Result "1/2-1/2"]
[WhiteElo "2164"]
[BlackElo "2103"]
[EventDate "2007.09.03"]
[PlyCount "42"]

1.e4 c5 2.Nf3 Nc6 3.d4 cxd4 4.Nxd4 g6 5.c4 Bg7 6.Be3 Nf6 7.Nc3 O-O 8.Be2 
d6 9.O-O Bd7 10.f3 Nxd4 11.Bxd4 a5 12.b3 Bc6 13.Qd2 Nd7 14.Bxg7 Kxg7 15.
Nd5 Bxd5 16.exd5 f5 17.f4 Qb6+ 18.Kh1 Nf6 19.Bf3 Qc5 20.Rfe1 Rf7 21.Rac1 
b6 1/2-1/2

[Event "12th Asia-ch (women)"]
[Site "Tehran IRI"]
[Date "2007.09.09"]
[Round "7"]
[White "Tajik, Sareh"]
[Black "Salman, Mahini Mona"]
[Result "1-0"]
[WhiteElo "2000"]
[BlackElo "2106"]
[EventDate "2007.09.03"]
[PlyCount "81"]

1.e4 c5 2.Nf3 a6 3.c4 g6 4.d4 Bg7 5.Nc3 cxd4 6.Nxd4 d6 7.Be2 Nf6 8.O-O O-O
9.Be3 Nc6 10.f3 Bd7 11.Qd2 Ne5 12.Kh1 Re8 13.Nd5 Bc6 14.Bg5 Ned7 15.Rad1 
Rc8 16.Qe1 Bxd5 17.cxd5 Qb6 18.Nb3 h6 19.Bd2 Ne5 20.Bc3 g5 21.Bd4 Qd8 22.
Rc1 Ng6 23.g3 Qd7 24.Bd3 Qh3 25.Rd1 h5 26.Rf2 Qd7 27.Qd2 Nh7 28.Bxg7 Kxg7 
29.Nd4 e6 30.dxe6 fxe6 31.f4 g4 32.f5 Ne5 33.Nxe6+ Rxe6 34.fxe6 Qxe6 35.
Be2 Nf6 36.Qg5+ Ng6 37.Rdf1 Nxe4 38.Rf7+ Kg8 39.Qxh5 Nf2+ 40.R7xf2 Qe4+ 
41.Kg1 1-0

[Event "12th Asia-ch (women)"]
[Site "Tehran IRI"]
[Date "2007.09.10"]
[Round "8"]
[White "Tania, Sachdev"]
[Black "Huang Qian"]
[Result "1-0"]
[WhiteElo "2393"]
[BlackElo "2410"]
[EventDate "2007.09.03"]
[PlyCount "91"]

1.d4 Nf6 2.Nf3 g6 3.g3 Bg7 4.Bg2 O-O 5.O-O d5 6.c4 dxc4 7.Na3 c3 8.bxc3 c5
9.e3 Nc6 10.Qe2 Bf5 11.Bb2 Qb6 12.Rfd1 Rfd8 13.Nc4 Qa6 14.Bf1 Rac8 15.Nfd2
cxd4 16.cxd4 Na5 17.Nxa5 Qxa5 18.Nb3 Qb4 19.Rdc1 b6 20.Qa6 Qd6 21.Bg2 Qb8 
22.Nd2 Rxc1+ 23.Rxc1 Rc8 24.Rxc8+ Bxc8 25.Qa3 Qc7 26.Qc3 Qxc3 27.Bxc3 Be6 
28.a3 Nd5 29.Bb2 Nc7 30.Kf1 Bd5 31.Bxd5 Nxd5 32.e4 Nc7 33.Ke2 Kf8 34.Kd3 
Ke8 35.Nf3 e6 36.Nd2 Kd7 37.Nc4 Kc6 38.d5+ exd5 39.exd5+ Kxd5 40.Bxg7 b5 
41.Ne3+ Kc6 42.Bc3 Ne6 43.Bb4 Kb6 44.Nd5+ Kc6 45.Nf6 h5 46.h4 1-0

[Event "12th Asia-ch (women)"]
[Site "Tehran IRI"]
[Date "2007.09.10"]
[Round "8"]
[White "Nguyen Thi Thanh An"]
[Black "Mohota, Nisha"]
[Result "1/2-1/2"]
[WhiteElo "2296"]
[BlackElo "2332"]
[EventDate "2007.09.03"]
[PlyCount "45"]

1.d4 d5 2.c4 e6 3.Nc3 Be7 4.Bf4 Nf6 5.e3 O-O 6.Nf3 c5 7.dxc5 Bxc5 8.cxd5 
Nxd5 9.Nxd5 exd5 10.a3 Nc6 11.Bd3 Bb6 12.O-O d4 13.exd4 Nxd4 14.Nxd4 Qxd4 
15.Qf3 Be6 16.Rad1 Qf6 17.Qg3 h6 18.Be4 Rad8 19.Bxb7 Rxd1 20.Rxd1 Qxb2 21.
Bf3 Rc8 22.h4 Rc4 23.Rf1 1/2-1/2

[Event "12th Asia-ch (women)"]
[Site "Tehran IRI"]
[Date "2007.09.10"]
[Round "8"]
[White "Ju Wenjun"]
[Black "Zhang Xiaowen"]
[Result "1/2-1/2"]
[WhiteElo "2345"]
[BlackElo "2203"]
[EventDate "2007.09.03"]
[PlyCount "32"]

1.d4 Nf6 2.c4 g6 3.Nc3 Bg7 4.e4 d6 5.f3 O-O 6.Be3 c5 7.dxc5 dxc5 8.Qxd8 
Rxd8 9.Bxc5 Nc6 10.Ba3 a5 11.Rd1 Be6 12.Nd5 Bxd5 13.cxd5 Nb4 14.Bb5 Nc2+ 
15.Kf2 Nxa3 16.bxa3 Rac8 1/2-1/2

[Event "12th Asia-ch (women)"]
[Site "Tehran IRI"]
[Date "2007.09.10"]
[Round "8"]
[White "Pourkashiyan, Atousa"]
[Black "Karavade, Eesha"]
[Result "1-0"]
[WhiteElo "2322"]
[BlackElo "2367"]
[EventDate "2007.09.03"]
[PlyCount "83"]

1.e4 c5 2.Nf3 d6 3.d4 cxd4 4.Nxd4 Nf6 5.Nc3 a6 6.Bc4 e6 7.Bb3 b5 8.O-O Be7
9.f4 Bb7 10.Be3 b4 11.Na4 Nc6 12.f5 e5 13.Bxf7+ Kxf7 14.Ne6 Qe8 15.Nb6 Nd8
16.Nxa8 Bxa8 17.Ng5+ Kf8 18.c3 h6 19.Nf3 Ng4 20.Re1 Nxe3 21.Rxe3 bxc3 22.
Rxc3 Bxe4 23.Qe2 Bb7 24.Rc7 Qa4 25.Kh1 Qa5 26.Rac1 Qd5 27.Qf2 Bf6 28.b4 h5
29.R7c2 Qe4 30.Nd2 Qd4 31.Qxd4 exd4 32.Rc7 h4 33.h3 Bg5 34.Rd1 Rh5 35.Nc4 
Bf6 36.Nxd6 Be5 37.Rd7 Bc6 38.Rxd8+ Ke7 39.Nc4 Kxd8 40.Nxe5 Ba4 41.Rxd4+ 
Ke7 42.Ng6+ 1-0

[Event "12th Asia-ch (women)"]
[Site "Tehran IRI"]
[Date "2007.09.10"]
[Round "8"]
[White "Tan Zhongyi"]
[Black "Ramaswamy, Aarthie"]
[Result "1-0"]
[WhiteElo "2276"]
[BlackElo "2281"]
[EventDate "2007.09.03"]
[PlyCount "53"]

1.Nf3 Nf6 2.c4 e6 3.Nc3 d5 4.d4 Bb4 5.Bg5 Nbd7 6.e3 c5 7.cxd5 exd5 8.Bd3 
c4 9.Bf5 Nb6 10.Bxc8 Rxc8 11.O-O O-O 12.Ne5 Bxc3 13.bxc3 Qd6 14.Bxf6 Qxf6 
15.a4 Qe6 16.a5 Nd7 17.Nxd7 Qxd7 18.Qa4 Qe6 19.Rfb1 Rc7 20.Rb5 Re8 21.Rxd5
Qe4 22.Rd7 Rc6 23.Rxb7 Rg6 24.g3 h5 25.Rab1 Kh7 26.Qb5 Ree6 27.Rxf7 1-0